The changing face of Haryana/ (Record no. 8647)

MARC details
000 -LEADER
fixed length control field 00679 a2200205 4500
010 ## - LIBRARY OF CONGRESS CONTROL NUMBER
LC control number ENG-88535
020 ## - INTERNATIONAL STANDARD BOOK NUMBER
International Standard Book Number 8189652664
Terms of availability 900.00
035 ## - SYSTEM CONTROL NUMBER
System control number EN-72068
037 ## - SOURCE OF ACQUISITION
Source of stock number/acquisition DBAD / PUB
082 14 - DEWEY DECIMAL CLASSIFICATION NUMBER
Classification number 954.14
090 ## - LOCALLY ASSIGNED LC-TYPE CALL NUMBER (OCLC); LOCAL CALL NUMBER (OCLC)
-- 8807
-- 8807
100 1# - MAIN ENTRY--PERSONAL NAME
Personal name Singh, K.V.
245 1# - TITLE STATEMENT
Title The changing face of Haryana/
Statement of responsibility, etc by K.V. Singh
246 16 - VARYING FORM OF TITLE
Title proper/short title Prison manuscripts
260 ## - PUBLICATION, DISTRIBUTION, ETC. (IMPRINT)
Place of publication, distribution, etc Delhi
Name of publisher, distributor, etc Vista International Publishing House
Date of publication, distribution, etc 2006
270 ## - ADDRESS
Address V-196, Near Shiv Sadhna Mandir, C-11, Yamuna Vihar,
City Delhi
Postal code 110 053
300 ## - PHYSICAL DESCRIPTION
Extent viii, 258 p.
Dimensions 22cm (Hb.)
942 ## - ADDED ENTRY ELEMENTS (KOHA)
Institution code [OBSOLETE] dpl
Koha item type English Books
Call number prefix 954.14 / SIN
Holdings
Withdrawn status Lost status Source of classification or shelving scheme Damaged status Not for loan Collection code Home library Current library Cost, normal purchase price Total Checkouts Full call number Barcode Date last seen Copy number Uniform Resource Identifier Cost, replacement price Price effective from Koha item type
    Dewey Decimal Classification   Not For Loan Non-fiction D.B.Act.Division D.B.Act.Division 900.00   954.14 EN-72068 15/09/2008 1 9589 900.00 15/09/2008 English Books

© Delhi Public Library
Hit Counter
free hit counter